A Short History Of American Literature/ (Record no. 192432)
[ view plain ]
| 000 -LEADER | |
|---|---|
| fixed length control field | 00626nam a22001937a 4500 |
| 005 - DATE AND TIME OF LATEST TRANSACTION | |
| control field | 20221004141337.0 |
| 010 ## - LCCN (DPL NO) | |
| LC control number | ENG-135169 |
| 020 ## - INTERNATIONAL STANDARD BOOK NUMBER | |
| International Standard Book Number | 978986392725 |
| Terms of availability | 410.00 |
| 035 ## - SYSTEM CONTROL NUMBER | |
| System control number | EN-118701 |
| 037 ## - SOURCE OF ACQUISITION | |
| Source of stock number/acquisition | DBAD/PUB |
| 082 ## - DEWEY DECIMAL CLASSIFICATION NUMBER | |
| Classification number | 810.9 |
| 100 ## - MAIN ENTRY--PERSONAL NAME | |
| Personal name | Sen, Krishna. |
| 245 ## - TITLE STATEMENT | |
| Title | A Short History Of American Literature/ |
| Statement of responsibility, etc | by Krishna Sen & Ashok Sengupta |
| 260 ## - PUBLICATION, DISTRIBUTION, ETC. (IMPRINT) | |
| Place of publication, distribution, etc | Telangana |
| Name of publisher, distributor, etc | Orient Blackswan |
| Date of publication, distribution, etc | 2017 |
| 270 ## - ADDRESS | |
| Address | 3-6-752 Himayatnagar, |
| City | Hyderabad |
| Postal code | 500029 |
| Electronic mail address | info@orientblackswan.com |
| 300 ## - PHYSICAL DESCRIPTION | |
| Extent | xii,412p. |
| Dimensions | 21cm.(pbk) |
| Other physical details | Bibliography, Index |
| 700 ## - ADDED ENTRY--PERSONAL NAME | |
| Personal name | Sengupta, Ashok |
| 942 ## - ADDED ENTRY ELEMENTS (KOHA) | |
| Item type | English Books |
| Classification part | 810.9 |
| Source of classification or shelving scheme | Dewey Decimal Classification |
| Call number suffix | SEN |
| Withdrawn status | Lost status | Not for loan | Collection code | Home library | Current library | Date acquired | Source of acquisition | Cost, normal purchase price | Full call number | Barcode | Copy number | Cost, replacement price | Koha item type |
|---|---|---|---|---|---|---|---|---|---|---|---|---|---|
| Non-fiction | Bawana | Bawana | 21/09/2022 | DBAD/PUB | 410.00 | 810.9 SEN | EN-118701 | 1 | 410.00 | English Books |
